<?xml version="1.0" encoding="UTF-8"?>
<marc:record xmlns:marc="http://www.loc.gov/MARC21/slim">
   <marc:leader>00000nam a2200000 a 4500</marc:leader>
   <marc:datafield ind1=" " ind2=" " tag="653">
      <marc:subfield code="a">Kinderbuch</marc:subfield>
   </marc:datafield>
   <marc:datafield ind1=" " ind2=" " tag="653">
      <marc:subfield code="a">Weihnachten</marc:subfield>
   </marc:datafield>
   <marc:datafield ind1=" " ind2=" " tag="653">
      <marc:subfield code="a">Anthologie</marc:subfield>
   </marc:datafield>
   <marc:datafield ind1="0" ind2="0" tag="245">
      <marc:subfield code="a">Wir warten auf's Christkind</marc:subfield>
   </marc:datafield>
   <marc:datafield ind1="0" ind2="0" tag="245">
      <marc:subfield code="b">24 Vorlesegeschichten und Gedichte zur Weihnachtszeit</marc:subfield>
   </marc:datafield>
   <marc:datafield ind1=" " ind2="1" tag="264">
      <marc:subfield code="b">Coppenrath</marc:subfield>
      <marc:subfield code="c">1995</marc:subfield>
   </marc:datafield>
   <marc:datafield ind1="1" ind2=" " tag="520">
      <marc:subfield code="a">24 Geschichten und Gedichte, geeignet zum Vorlesen an den 24 Tagen bis zum Heiligen Abend. Obgleich es Anthologien dieser Art in grosser Zahl gibt und etliche in jeder Bücherei vorhanden sein dürften, bietet der Band eine willkommene Ergänzung, weil er gerade auf dem Sektor Gedicht in Vergessenheit geratene Beiträge bietet, z.B. von Wilhelm Busch oder Jean Paul. Auch in den teils weniger bekannten Texten renommierter Autoren, darunter J. Guggenmos, M. Bolliger, J. Krüss, A. Bröger, steht der heitere Aspekt im Vordergrund, was die Einsetzbarkeit des fröhlich illustrierten, weihnachtliche Freude ausstrahlenden Bandes als Vorlesebuch noch erhöht. - Überall uneingeschränkt empfehlenswert.</marc:subfield>
   </marc:datafield>
   <marc:datafield ind1="3" ind2=" " tag="024">
      <marc:subfield code="a">381571270X</marc:subfield>
   </marc:datafield>
</marc:record>
